00368cam a22001097a 4500008004300000082001500043100002400058245012000082260003000202300000900232650001700241180718b1884-87 xxu||||| |||| 00| 0 eng d aA6x42 G169 aGardiner, Samuel R. aHistory of England from the accession of James I to the outbreak of the Civil War, 1603-1642cby Samuel R. Gardiner aLondonbLongmansc1884-87 a10v. aUK - History